000 00364nam a2200157Ia 4500
003 Ost
005 20260225132544.0
008 260225s9999||||xx |||||||||||||| ||und||
040 _cfsic
041 _afre
082 _a440
100 _aKARL MARX
_eAuteur
245 0 _aTEXTES SUR LA METHODE DE LA SCIENCE ECONOMIQUE /
245 0 _cKARL MARX
942 _cكتاب
999 _c33695
_d33695